MARC details
| 000 -CABECERA |
| campo de control de longitud fija |
01499nam a2200325 a 4500 |
| 001 - NÚMERO DE CONTROL |
| campo de control |
000002067 |
| 003 - IDENTIFICADOR DEL NÚMERO DE CONTROL |
| campo de control |
DO-SdBNP |
| 005 - FECHA Y HORA DE LA ÚLTIMA TRANSACCIÓN |
| campo de control |
20240430111442.0 |
| 007 - CAMPO FIJO DE DESCRIPCIÓN FÍSICA--INFORMACIÓN GENERAL |
| campo de control de longitud fija |
ta |
| 008 - DATOS DE LONGITUD FIJA--INFORMACIÓN GENERAL |
| campo de control de longitud fija |
090630s2007 dr 000 0 spa d |
| 010 ## - NÚMERO DE CONTROL DE LA BIBLIOTECA DEL CONGRESO |
| Número de control de LC |
2009403467 |
| 020 ## - NÚMERO INTERNACIONAL ESTÁNDAR DEL LIBRO |
| Número Internacional Estándar del Libro |
9789993480464 |
| 040 ## - FUENTE DE LA CATALOGACIÓN |
| Centro catalogador/agencia de origen |
DO-SdBNP |
| Lengua de catalogación |
spa |
| Centro/agencia transcriptor |
BNPHU |
| 082 #4 - NÚMERO DE LA CLASIFICACIÓN DECIMAL DEWEY |
| Número de clasificación |
361.61 |
| Número de documento/Ítem |
C116p |
| Número de edición |
22 |
| 100 1# - ENTRADA PRINCIPAL--NOMBRE DE PERSONA |
| Nombre de persona |
Cañete Alonso, Rosa. |
| 9 (RLIN) |
185 |
| 245 10 - MENCIÓN DE TÍTULO |
| Título |
Política Social en República Dominicana 1930-2007 : |
| Resto del título |
¿inclusión o asistencia? / |
| Mención de responsabilidad, etc. |
Rosa Cañete Alonso, Olaya O. Dotel ; prólogo José Luís Alemán. |
| 260 ## - PUBLICACIÓN, DISTRIBUCIÓN, ETC. |
| Lugar de publicación, distribución, etc. |
Santo Domingo : |
| Nombre del editor, distribuidor, etc. |
Centro de Estudios Sociales Padre Juan Montalvo, S.J., |
| Fecha de publicación, distribución, etc. |
2007. |
| 300 ## - DESCRIPCIÓN FÍSICA |
| Extensión |
123 p. ; |
| Dimensiones |
2007. |
| 500 ## - NOTA GENERAL |
| Nota general |
"Olaya Dotel y Rosa Cañete han compuesto para el Banco Internacional de Desarrollo (BID) una muy notable consultoría para el Análisis de Políticas Institucionales de Implementación de los Programas Focalizados de Protección Social, que ahora pone a circular el Centro de Estudios Sociales del Padre Juan Montalvo."-- Prólogo. |
| 500 ## - NOTA GENERAL |
| Nota general |
Incluye índice. |
| 504 ## - NOTA DE BIBLIOGRAFÍA, ETC. |
| Nota de bibliografía, etc. |
Bibliográfía 87-90. |
| 590 ## - NOTA LOCAL (RLIN) |
| Nota local |
Inventariado, 2021 / DG |
| 650 #4 - PUNTO DE ACCESO ADICIONAL DE MATERIA--TÉRMINO DE MATERIA |
| Término de materia o nombre geográfico como elemento de entrada |
Servicio social |
| Subdivisión geográfica |
República Dominicana |
| Subdivisión general |
Historia |
| 9 (RLIN) |
6655 |
| 651 #4 - PUNTO DE ACCESO ADICIONAL DE MATERIA--NOMBRE GEOGRÁFICO |
| Nombre geográfico |
República Dominicana |
| Subdivisión general |
Política social |
| Subdivisión cronológica |
1930-2007 |
| 9 (RLIN) |
6656 |
| 700 1# - PUNTO DE ACCESO ADICIONAL--NOMBRE DE PERSONA |
| Nombre de persona |
Dotel, Olaya O. |
| 9 (RLIN) |
6657 |
| 700 1# - PUNTO DE ACCESO ADICIONAL--NOMBRE DE PERSONA |
| Nombre de persona |
Alemán, José Luis, |
| 9 (RLIN) |
7046 |
| 710 1# - PUNTO DE ACCESO ADICIONAL--NOMBRE DE ENTIDAD CORPORATIVA |
| Nombre de entidad corporativa o nombre de jurisdicción como elemento de entrada |
República Dominicana. |
| Unidad subordinada |
Banco Internacional de Desarrollo |
| 9 (RLIN) |
6659 |
| 910 ## - DATOS DE OPCIÓN DEL USUARIO (OCLC) |
| Datos de opción del usuario |
Validao. Control de calidad MFF |
| 942 ## - ELEMENTOS DE PUNTO DE ACCESO ADICIONAL (KOHA) |
| Fuente del sistema de clasificación o colocación |
Dewey Decimal Classification |
| Tipo de ítem Koha |
Libro |